| 000 | 00970cab a2200277 4500 | ||
|---|---|---|---|
| 001 | ABS58478 | ||
| 008 | 090401t1998 xxu||||| |||| 00| 0 eng d | ||
| 035 | _a(Sirsi) u84829 | ||
| 041 | _aeng | ||
| 245 | _aDownsize but don`t demoralise | ||
| 260 | _c1998 | ||
| 350 | _a0 | ||
| 490 |
_aEstates Gazette _v(9810) 7 March 1998, 155-157(3) |
||
| 520 | _aThis `Mainly for Students` article outlines the current legal position on redundancy including relevant case law and statutory provision. Looks at alternatives to redundancy. | ||
| 650 | _aDOWNSIZING | ||
| 650 | _aEMPLOYMENT LAW | ||
| 650 | _aEMPLOYMENT PROTECTION (CONSOLIDATION) ACT 1978 S81(2) | ||
| 650 | _aEMPLOYMENT PROTECTION ACT 1975 | ||
| 650 | _aREDUNDANCY | ||
| 650 | _aTRANSFER OF UNDERTAKINGS (PROTECTION OF EMPLOYMENT) REGULATIONS 1981 | ||
| 650 | _aTUPE REGULATIONS | ||
| 650 | _aUNFAIR DISMISSAL | ||
| 690 | _aOFFICE SERVICES AND ADMINISTRATION | ||
| 942 | _n0 | ||
| 948 | _c12/03/1998 | ||
| 999 |
_c53340 _d53340 |
||